00594 2200193 4500001002100000005001500021035002000036008004100056245005900097100002900156260003400185300002500219084001800244082000800262650007200270020001800342990002000360990002000380INLIS00000000000293520241212021032 a0010-1224000467241212 0 ind 1 aDasar-Dasar Perlindungan Tanaman (Umum) /cDjafaruddin aDjafaruddin, Djafaruddin aJakarta :bBumi Aksara,c1995 a120 hlm. ;c15x21 cm a632 DJA D C.2 a632 4aKerusakan pada Tanaman Pertanian, Kerusakan pada Tumbuhan Pertanian a979-526-234-3 a120411200005327 a120411200005328